| 000 | 00977nam0a22002531 4500 | ||
|---|---|---|---|
| 001 | rc\2772669 | ||
| 005 | 20250529160441.0 | ||
| 035 | _a(NLR Aleph) 006899021 | ||
| 090 |
_a7227762 _c7227762 |
||
| 100 | _a20110915g19401941|||y0rusy50 ca | ||
| 101 | 0 | _arus | |
| 102 | _aRU | ||
| 105 | _aa z ||||| | ||
| 200 | 1 |
_aТехника безопасности в газосварочных и электросварочных работах _fИнж. А. В. Бибиков _gПод ред. доц. канд. тех. наук Н. Н. Клебанова |
|
| 210 |
_aМосква _aЛенинград _cМашгиз _d1940 (обл: 1941) _eЛенинград |
||
| 215 |
_a76 с. _cил., черт. _d22 см. |
||
| 320 | _aБиблиогр.: с. 75 | ||
| 700 | 1 |
_aБибиков _bА.В. _gАлексей Васильевич |
|
| 702 | 1 |
_aКлебанов _bН.Н. _4340 |
|
| 801 | 0 |
_aRU _bNLR _gpsbo |
|
| 801 | 1 |
_aRU _bELAR _2rusmarc |
|
| 852 |
_aNLR _jТ36 В-6/9 |
||
| 942 | _cBOOK | ||
| 980 | _aNB | ||